Normal view
MARC view
- Tahta, Sophy
Entry Nombre Personal
001 - NUMERO DE CONTROL
- campo de control: 33317
003 - IDENTIFICADOR DE NUMERO DE CONTROL
- campo de control: UPN
005 - FECHA Y HORA DE LA ÜLTIMA TRANSACCIÓN
- campo de control: 20210219194441.0
008 - DATOS DE LONGITUD FIJA
- campo de control de longitud fija: nabaccnnaabn|||||||||| b |nc|||||d
035 ## - NUMERO DE CONTROL
- Número de control: UPN11000005424
040 ## - FUENTE DE CATALOGACIÓN
- Lenguaje de catalogación: SPA
- Agencia de transcripción: UPN
100 1# - ENCABEZAMIENTO - NOMBRE PERSONAL
- Nombre personal: Tahta, Sophy
670 ## - FUENTE EN LA QUE SE LOCALIZARON DATOS
- Cita de la fuente: Internet
- Información localizada: http://www.jacketflap.com/sophy-tahta/144511
680 ## - NOTA PUBLICA DE ACCESO PÚBLICO
- Frase explicativa de la referencia: Editor y escritor de libros infantiles
902 ## - CATALOGADOR
- Catalogador: MCM/130313
